|
|
|
|
| LEADER |
01709nam a2200445Ia 4500 |
| 001 |
EBC836582 |
| 003 |
MiAaPQ |
| 005 |
20200520144314.0 |
| 006 |
m o d | |
| 007 |
cr cn||||||||| |
| 008 |
111205s2012 si ab sb 001 0 eng d |
| 020 |
|
|
|z 1118255100 (hbk.)
|
| 020 |
|
|
|z 9781118255100 (hbk.)
|
| 020 |
|
|
|a 1118255119 (electronic bk.)
|
| 020 |
|
|
|a 1118255127 (electronic bk.)
|
| 020 |
|
|
|a 1118255135 (electronic bk.)
|
| 020 |
|
|
|a 9781118255117 (electronic bk.)
|
| 020 |
|
|
|a 9781118255124 (electronic bk.)
|
| 020 |
|
|
|a 9781118255131 (electronic bk.)
|
| 035 |
|
|
|a (MiAaPQ)EBC836582
|
| 035 |
|
|
|a (Au-PeEL)EBL836582
|
| 035 |
|
|
|a (CaPaEBR)ebr10587603
|
| 035 |
|
|
|a (CaONFJC)MIL385286
|
| 035 |
|
|
|a (OCoLC)806039889
|
| 040 |
|
|
|a MiAaPQ
|c MiAaPQ
|d MiAaPQ
|
| 050 |
|
4 |
|a HG187.C6
|b W348 2012
|
| 100 |
1 |
|
|a Walter, Carl E.,
|d 1947-
|
| 245 |
1 |
0 |
|a Red capitalism
|h [electronic resource] :
|b the fragile financial foundation of China's extraordinary rise /
|c Carl E. Walter and Fraser J.T. Howie.
|
| 250 |
|
|
|a Rev. and updated ed.
|
| 260 |
|
|
|a Singapore :
|b Wiley & Sons Singapore Pte. Ltd.,
|c c2012.
|
| 300 |
|
|
|a xxi, 260 p. :
|b ill., map.
|
| 504 |
|
|
|a Includes bibliographical references and index.
|
| 533 |
|
|
|a Electronic reproduction. Ann Arbor, MI : ProQuest, 2015. Available via World Wide Web. Access may be limited to ProQuest affiliated libraries.
|
| 650 |
|
0 |
|a Finance
|z China.
|
| 651 |
|
0 |
|a China
|x Economic conditions
|y 2000-
|
| 651 |
|
0 |
|a China
|x Economic policy
|y 2000-
|
| 655 |
|
4 |
|a Electronic books.
|
| 700 |
1 |
|
|a Howie, Fraser J. T.
|
| 710 |
2 |
|
|a ProQuest (Firm)
|
| 856 |
4 |
0 |
|u https://ebookcentral.proquest.com/lib/matrademy/detail.action?docID=836582
|z Click to View
|